000 01390cam a2200349 a 4500
001 EDZ0000063838
003 StDuBDS
005 20161031105218.0
006 m||||||||d||||||||
007 cr |||||||||||
008 120326s1997 enka fo| 001|0|eng|d
020 _a9781446216903 (ebook) :
_cNo price
040 _aStDuBDS
_beng
_cStDuBDS
_epn
049 _aAlfaisal Main Library
050 0 _aHF5415.32
_b.C67 1997
082 0 4 _a306.3
_223
100 1 _aCorrigan, Peter,
_d1955-
245 1 4 _aThe sociology of consumption
_h[electronic resource] :
_ban introduction /
_cPeter Corrigan.
260 _aLondon :
_bSAGE,
_c1997.
300 _a1 online resource ([viii], 197 p.) :
_bill., facsims.
504 _aIncludes bibliographical references and index.
520 8 _aThis lucid and comprehensive introduction to the sociology of consumption critically examines the relationship between production and consumption in late capitalist societies.
521 _aSpecialized.
588 _aDescription based on print version record.
650 0 _aConsumption (Economics)
_xSocial aspects.
650 0 _aAdvertising
_xSocial aspects.
655 7 _aElectronic books.
_2local
710 2 _aSage eBooks
776 0 8 _iPrint version :
_z9780761950110
856 4 0 _uhttp://ezproxy.alfaisal.edu/login?url=http://sk.sagepub.com/books/the-sociology-of-consumption
942 _2lcc
_cEBOOKS
999 _c481789
_d481789